| 000 | 01226pam a2200325 a 4500 | ||
|---|---|---|---|
| 001 | 12745 | ||
| 003 | BD-RjUL | ||
| 005 | 20211208235341.0 | ||
| 008 | 140129s1983 enk b 001 0 eng | ||
| 020 | _a0521249724 | ||
| 035 | _a(BD-RjUL)12795 | ||
| 040 |
_aDLC _cDLC _dBD-RjUL _beng |
||
| 041 | 1 | _aengspa | |
| 082 | 0 | 0 |
_a616.852009 _219 _bLOH 1983 |
| 100 | 2 |
_aLópez Piñero, José María. _939704 |
|
| 245 | 1 | 0 |
_aHistorical origins of the concept of neurosis / _cJosé M. López Piñero ; translated by D. Berrios. |
| 260 |
_aCambridge [Cambridgeshire] ; _aNew York : _bCambridge University Press, _cc1983. |
||
| 300 |
_axi, 107 p. ; _c22 cm. |
||
| 500 | _aTranslation of: Orígenes históricos del concepto de neurosis. | ||
| 500 | _aIncludes index. | ||
| 504 | _aBibliography: p. 87-103. | ||
| 650 | 0 |
_aNeuroses _xHistory. _939705 |
|
| 650 | 0 |
_aMedicine _xHistory. _939706 |
|
| 856 | 4 | 2 |
_3Publisher description _uhttp://www.loc.gov/catdir/enhancements/fy0906/82019858-d.html |
| 856 | 4 | 1 |
_3Table of contents only _uhttp://www.loc.gov/catdir/enhancements/fy0906/82019858-t.html |
| 942 |
_2ddc _cBK |
||
| 999 |
_c12745 _d12745 |
||